| 000 | 00923nam a2200253 a 4500 | ||
|---|---|---|---|
| 005 | 20240924064326.0 | ||
| 008 | 991125s2006 mx 000 0 spa u | ||
| 020 | _a9689082051 | ||
| 035 | _aUPN01000000251 | ||
| 049 | _aLTG | ||
| 050 | 4 |
_aLB2002 A1.46 _bP4.6 2006 |
|
| 245 | 0 | 3 |
_aLa planeación en el aula multigrado / _ccoord. Cenobio Popoca Ochoa. |
| 250 | _a2a ed. | ||
| 260 |
_aMéxico : _bSEP, _cc2006. |
||
| 300 |
_a54 p. : _bil., tablas |
||
| 440 | 0 |
_aPrograma Nacional para la Actualización Permanente de los Maestros de Educación Básica en Servicio. _pTalleres Generales de Actualización |
|
| 500 | _a"Primaria Multigrado" | ||
| 650 | 4 |
_aMaestros en servicio, Formación de _9390 |
|
| 650 | 4 |
_aGrupos multigrado _91555 |
|
| 650 | 4 |
_aEducación _xPlanificación _91146 |
|
| 700 | 1 |
_aPopoca Ochoa, Cenobio, _ecoord. _943119 |
|
| 710 | 1 |
_aMéxico. _bSubsecretaría de Educación Básica _932706 |
|
| 905 | _aLibro | ||
| 999 |
_c251 _d251 |
||